[Event "España ch 2008 sub 18"]
[Site "Padrón ESP"]
[Date "2008.07.29"]
[Round "5.18"]
[White "Aboy Nieto, Pablo"]
[Black "Galan Martin, Pedro Juan"]
[Result "0-1"]
[WhiteElo "1949"]
[BlackElo "2114"]
[PlyCount "120"]
[EventDate "2008.07.27"]
[EventType "swiss"]
[EventRounds "9"]
[EventCountry "ESP"]
[Source "lmi"]
[SourceDate "2008.07.27"]

1. e4 e5 2. Nf3 Nc6 3. d4 exd4 4. Nxd4 Nf6 5. Nc3 Nxe4 6. Nxc6 Nxc3 7. Nxd8
Nxd1 8. Nxf7 Kxf7 9. Kxd1 d5 10. Bf4 Bf5 11. f3 h5 12. c3 c6 13. Kd2 Re8 14.
Bd3 Kf6 15. Rae1 Bc5 16. Be3 Bxe3+ 17. Rxe3 Rxe3 18. Kxe3 Re8+ 19. Kd2 Bxd3 20.
Kxd3 Kf5 21. Rf1 h4 22. Kd2 Kf4 23. Rf2 Re6 24. a3 c5 25. Kd3 Re1 26. Re2 Rd1+
27. Kc2 Rh1 28. c4 d4 29. Re4+ Kg5 30. Rg4+ Kh5 31. h3 g5 32. Re4 Rg1 33. Re2
Kg6 34. b4 b6 35. bxc5 bxc5 36. Re6+ Kf5 37. Re2 a6 38. Kb2 Rd1 39. Kc2 Ra1 40.
Kb2 Rg1 41. Kc2 a5 42. Kb2 a4 43. Kc2 Ra1 44. Kb2 Rd1 45. Kc2 Rg1 46. Kb2 d3
47. Rd2 Kf4 48. Kc3 Ra1 49. Kxd3 Rxa3+ 50. Ke2 Rc3 51. Ra2 Rxc4 52. Kd3 Rd4+
53. Kc3 Ke3 54. Rb2 Rd3+ 55. Kc4 Rd2 56. Rb8 Rc2+ 57. Kd5 Rxg2 58. Kxc5 Kxf3
59. Kd4 Kg3 60. Ra8 Kxh3 0-1

[Event "España ch 2008 sub 18"]
[Site "Padrón ESP"]
[Date "2008.07.29"]
[Round "5.19"]
[White "Guadamuro Torrente, Anabel"]
[Black "Jimenez Serna, Alvaro"]
[Result "1-0"]
[WhiteElo "2105"]
[BlackElo "1947"]
[PlyCount "61"]
[EventDate "2008.07.27"]
[EventType "swiss"]
[EventRounds "9"]
[EventCountry "ESP"]
[Source "lmi"]
[SourceDate "2008.07.27"]

1. e4 e6 2. Nf3 d5 3. Nc3 d4 4. Ne2 c5 5. Ng3 Nc6 6. Bc4 Nf6 7. d3 b5 8. Bb3
Bb7 9. a3 Bd6 10. O-O O-O 11. Ne1 e5 12. Nf5 Ne8 13. f4 exf4 14. Nxd6 Nxd6 15.
Bxf4 Ne7 16. Qh5 c4 17. Bxd6 Qxd6 18. dxc4 Bxe4 19. cxb5 Bd5 20. Bxd5 Nxd5 21.
Nf3 f6 22. Rfd1 Ne3 23. Rd2 Rac8 24. c3 d3 25. Nd4 Nc4 26. Rxd3 Nxb2 27. Rh3 h6
28. Nf5 Qc5+ 29. Kh1 Kh7 30. Rg3 Rc7 31. Rxg7+ 1-0

[Event "España ch 2008 sub 18"]
[Site "Padrón ESP"]
[Date "2008.07.29"]
[Round "5.20"]
[White "Rasskin Friederichs, Ivan"]
[Black "Pintor Munoz, Antonio"]
[Result "0-1"]
[WhiteElo "1843"]
[BlackElo "2076"]
[PlyCount "84"]
[EventDate "2008.07.27"]
[EventType "swiss"]
[EventRounds "9"]
[EventCountry "ESP"]
[Source "lmi"]
[SourceDate "2008.07.27"]

1. e4 e6 2. d4 d5 3. e5 c5 4. c3 Qb6 5. Nf3 Nc6 6. a3 Nh6 7. b4 cxd4 8. cxd4
Nf5 9. Bb2 Bd7 10. Be2 Be7 11. O-O O-O 12. g4 Nh6 13. h3 f6 14. Nbd2 fxe5 15.
dxe5 Rf4 16. Nc4 Qc7 17. Ne3 Raf8 18. Ng2 Rxf3 19. Bxf3 Nxe5 20. Be2 Ng6 21.
Qd2 Bd6 22. Qc3 Bc6 23. f4 Nxf4 24. Rxf4 Bxf4 25. b5 Be8 26. Qd4 Bd6 27. Kh1 b6
28. Rc1 Bc5 29. Qe5 Qxe5 30. Bxe5 Bg6 31. Rf1 Nf7 32. Bb2 Ng5 33. Nf4 Be4+ 34.
Kh2 Bd6 35. Bc1 Nf3+ 36. Bxf3 Bxf4+ 37. Bxf4 Rxf4 38. Be2 Rxf1 39. Bxf1 g5 40.
Kg3 Kf7 41. Kf2 e5 42. Ke3 Ke6 0-1

[Event "España ch 2008 sub 18"]
[Site "Padrón ESP"]
[Date "2008.07.29"]
[Round "5.21"]
[White "Herrera Reyes, Jose Antonio"]
[Black "Juez Villar, Erik"]
[Result "1-0"]
[WhiteElo "2145"]
[BlackElo "1912"]
[PlyCount "41"]
[EventDate "2008.07.27"]
[EventType "swiss"]
[EventRounds "9"]
[EventCountry "ESP"]
[Source "lmi"]
[SourceDate "2008.07.27"]

1. e4 c6 2. Nc3 d5 3. Nf3 Bg4 4. d4 dxe4 5. Nxe4 Bxf3 6. gxf3 Nd7 7. Bd3 Ngf6
8. Bf4 Qb6 9. c3 Nxe4 10. fxe4 e5 11. dxe5 Qxb2 12. O-O Qxc3 13. Rc1 Qa5 14. e6
fxe6 15. Bc4 e5 16. Bg5 Be7 17. Bxe7 Kxe7 18. Qg4 Rae8 19. Rcd1 Qc7 20. Be6 Rd8
21. Bxd7 1-0

[Event "España ch 2008 sub 18"]
[Site "Padrón ESP"]
[Date "2008.07.29"]
[Round "5.22"]
[White "Castellano Egea, Einar"]
[Black "Jimenez Capilla, Martin R"]
[Result "1/2-1/2"]
[WhiteElo "2128"]
[BlackElo "1977"]
[PlyCount "76"]
[EventDate "2008.07.27"]
[EventType "swiss"]
[EventRounds "9"]
[EventCountry "ESP"]
[Source "lmi"]
[SourceDate "2008.07.27"]

1. e4 c5 2. Nf3 d6 3. c3 Nf6 4. h3 Nc6 5. Bd3 g6 6. O-O Bg7 7. Bc2 O-O 8. Re1
Ne5 9. d4 Nxf3+ 10. Qxf3 cxd4 11. cxd4 Nd7 12. Rd1 Qb6 13. Nc3 e5 14. Nd5 Qd8
15. dxe5 Nxe5 16. Qg3 Be6 17. Bb3 Bxd5 18. Bxd5 Qc7 19. Qb3 Rab8 20. Be3 b5 21.
Rac1 Qe7 22. Bd4 a5 23. Qa3 b4 24. Qxa5 Nf3+ 25. gxf3 Bxd4 26. Bxf7+ Qxf7 27.
Rxd4 Qxf3 28. Rc2 Rbc8 29. Qd5+ Kh8 30. Rd3 Qf4 31. Qd4+ Kg8 32. Qd5+ Kh8 33.
Qd4+ Kg8 34. Rxc8 Rxc8 35. Qd5+ Kh8 36. Qd4+ Kg8 37. Qd5+ Kh8 38. Qd4+ Kg8
1/2-1/2

[Event "España ch 2008 sub 18"]
[Site "Padrón ESP"]
[Date "2008.07.29"]
[Round "5.23"]
[White "Marcos Pinto, Luis"]
[Black "Alshameary Puente, Ismael"]
[Result "1/2-1/2"]
[WhiteElo "2115"]
[BlackElo "1951"]
[PlyCount "120"]
[EventDate "2008.07.27"]
[EventType "swiss"]
[EventRounds "9"]
[EventCountry "ESP"]
[Source "lmi"]
[SourceDate "2008.07.27"]

1. e4 c5 2. Nf3 d6 3. d4 cxd4 4. Nxd4 Nf6 5. Nc3 g6 6. Bg5 Bg7 7. Bb5+ Bd7 8.
Qe2 a6 9. Bxd7+ Nbxd7 10. O-O-O Rc8 11. f4 Qa5 12. Nb3 Qc7 13. Rhe1 h6 14. Bh4
e6 15. e5 dxe5 16. fxe5 Nh5 17. g4 Nf4 18. Qe4 Nxe5 19. Kb1 Nc4 20. Na4 O-O 21.
Bg3 g5 22. c3 Rfd8 23. Nac5 Nd2+ 24. Rxd2 Rxd2 25. Nxd2 Qxc5 26. Bxf4 gxf4 27.
Qxf4 Qd5 28. Qe3 Rd8 29. Ne4 b6 30. Qe2 Qd3+ 31. Qxd3 Rxd3 32. Kc2 Rh3 33. Re2
Be5 34. a4 Kg7 35. a5 bxa5 36. Nc5 Rxh2 37. Kd3 Rxe2 38. Kxe2 Bd6 39. Nxa6 Kf6
40. c4 Ke7 41. c5 Be5 42. b4 a4 43. b5 a3 44. Nb4 Bc3 45. b6 Kd8 46. Nc6+ Kc8
47. Na7+ Kb7 48. c6+ Kxb6 49. c7 Kxc7 50. Nb5+ Kc6 51. Nxc3 Kc5 52. Kd3 Kb4 53.
Kc2 Kc4 54. Ne4 Kd5 55. Nf6+ Ke5 56. Ng8 Kf4 57. Nxh6 f6 58. Ng8 Kg5 59. Kb3 e5
60. Kxa3 Kxg4 1/2-1/2

[Event "España ch 2008 sub 18"]
[Site "Padrón ESP"]
[Date "2008.07.29"]
[Round "5.24"]
[White "Ladron De Guevara Pinto, Fermin"]
[Black "Galan Martin, Alejandro"]
[Result "1/2-1/2"]
[WhiteElo "2074"]
[BlackElo "1925"]
[PlyCount "110"]
[EventDate "2008.07.27"]
[EventType "swiss"]
[EventRounds "9"]
[EventCountry "ESP"]
[Source "lmi"]
[SourceDate "2008.07.27"]

1. d4 e6 2. Nf3 d5 3. e3 Nf6 4. Bd3 Be7 5. O-O Nbd7 6. b3 O-O 7. Nbd2 b6 8. Bb2
Bb7 9. Ne5 c5 10. c4 Ne4 11. cxd5 exd5 12. f3 Nxd2 13. Qxd2 cxd4 14. exd4 f6
15. Ng4 Bd6 16. Qf2 f5 17. Ne5 g6 18. Rfe1 Nf6 19. Qd2 Qc7 20. Rac1 Qg7 21. a3
Rac8 22. b4 Rxc1 23. Rxc1 Rc8 24. Re1 Re8 25. Bc2 Rc8 26. Bd3 Re8 27. Re2 Rc8
28. Bb5 Rc7 29. Re1 Rc8 30. Rc1 Rc7 31. Qg5 Rxc1+ 32. Qxc1 Qc7 33. Qxc7 Bxc7
34. Kf2 Kg7 35. Ke3 Ng8 36. g3 Kf6 37. Nd7+ Ke7 38. Ne5 Kf6 39. Ba4 Nh6 40. Be8
Ke7 41. Bc6 Bxc6 42. Nxc6+ Kd7 43. Nxa7 f4+ 44. Kf2 fxg3+ 45. hxg3 Nf5 46. g4
Nd6 47. b5 Nc4 48. Bc1 Na5 49. Bd2 Nc4 50. Bb4 Bd6 51. Nc6 Bxb4 52. axb4 Na3
53. Ne5+ Ke6 54. Ke3 Nxb5 55. f4 Nd6 1/2-1/2

[Event "España ch 2008 sub 18"]
[Site "Padrón ESP"]
[Date "2008.07.29"]
[Round "5.25"]
[White "Zapata Lopez, Julio"]
[Black "De Nacimiento Montano, Antonio"]
[Result "1/2-1/2"]
[WhiteElo "1921"]
[BlackElo "2045"]
[PlyCount "93"]
[EventDate "2008.07.27"]
[EventType "swiss"]
[EventRounds "9"]
[EventCountry "ESP"]
[Source "lmi"]
[SourceDate "2008.07.27"]

1. d4 Nf6 2. Nf3 e6 3. Bf4 d5 4. e3 Nbd7 5. Nbd2 c5 6. c3 Be7 7. Bd3 b6 8. Ne5
Bb7 9. Ndf3 O-O 10. g4 Ne4 11. Nxd7 Qxd7 12. g5 Qc8 13. h4 Ba6 14. Ne5 cxd4 15.
exd4 Bxd3 16. Qxd3 f5 17. f3 Nd6 18. Kf2 Re8 19. Rae1 Bf8 20. Re2 b5 21. h5 Nc4
22. b3 Nxe5 23. Bxe5 Qc6 24. f4 Rac8 25. Rh3 a5 26. h6 g6 27. Qe3 b4 28. Rc2 a4
29. Qc1 Bd6 30. Bxd6 Qxd6 31. Rd3 axb3 32. axb3 Rc6 33. Qe3 Rec8 34. Ke2 bxc3
35. Rdxc3 Kf7 36. Rxc6 Rxc6 37. Rxc6 Qxc6 38. Kd2 Qd6 39. Kc2 Qc7+ 40. Kb2 Ke7
41. Qc1 Qa5 42. Qc3 Qa7 43. b4 Kd7 44. Kb3 Qa6 45. Qc2 Qf1 46. Qd2 Qc4+ 47. Kb2
1/2-1/2

[Event "España ch 2008 sub 18"]
[Site "Padrón ESP"]
[Date "2008.07.29"]
[Round "5.26"]
[White "Hernandez Leon, Sergio"]
[Black "Cubillo Munoz, Miguel"]
[Result "1-0"]
[WhiteElo "2042"]
[BlackElo "1923"]
[PlyCount "91"]
[EventDate "2008.07.27"]
[EventType "swiss"]
[EventRounds "9"]
[EventCountry "ESP"]
[Source "lmi"]
[SourceDate "2008.07.27"]

1. d4 Nf6 2. c4 e6 3. Nf3 d5 4. Nc3 Be7 5. cxd5 exd5 6. Bg5 c6 7. e3 O-O 8. Qc2
h6 9. Bh4 Be6 10. Bd3 Nbd7 11. O-O Nh5 12. Bxe7 Qxe7 13. Rab1 g5 14. b4 a6 15.
Na4 b5 16. Nc5 Nb6 17. Ne5 Rfc8 18. Nxe6 fxe6 19. Bg6 Qf6 20. Bxh5 Nc4 21. Nxc4
bxc4 22. f4 Rf8 23. fxg5 Qxg5 24. Rxf8+ Rxf8 25. Qg6+ Qxg6 26. Bxg6 Kg7 27. Bc2
Rb8 28. Kf2 Kf6 29. Ke2 e5 30. Kd2 Ke6 31. Ba4 exd4 32. exd4 Rf8 33. Kc3 Kd6
34. Rb2 Re8 35. Rf2 Re3+ 36. Kb2 Rd3 37. Rf6+ Ke7 38. Rxh6 Rxd4 39. Bxc6 Rd2+
40. Kc3 Rd3+ 41. Kc2 d4 42. Bd5 Re3 43. Rh4 d3+ 44. Kc3 Re2 45. Bxc4 Rxg2 46.
Kxd3 1-0

[Event "España ch 2008 sub 18"]
[Site "Padrón ESP"]
[Date "2008.07.29"]
[Round "5.27"]
[White "Sanchez Ibern, Eric"]
[Black "Ladron De Guevara Pinto, Paolo"]
[Result "1-0"]
[WhiteElo "2038"]
[BlackElo "1915"]
[PlyCount "77"]
[EventDate "2008.07.27"]
[EventType "swiss"]
[EventRounds "9"]
[EventCountry "ESP"]
[Source "lmi"]
[SourceDate "2008.07.27"]

1. e4 e6 2. d4 d5 3. Nc3 Bb4 4. e5 c5 5. Bd2 Bxc3 6. Bxc3 Nc6 7. f4 cxd4 8.
Bxd4 Nge7 9. Nf3 Nf5 10. Bf2 h5 11. Bd3 b6 12. Qd2 Nce7 13. O-O-O Bd7 14. Kb1
b5 15. h3 h4 16. Qe1 Ng6 17. Bxf5 exf5 18. Be3 Be6 19. Nd4 Qd7 20. Qe2 a6 21.
Bd2 Rc8 22. Qe3 Qc7 23. Bb4 Nf8 24. Rd3 Nd7 25. Rc3 Qb7 26. Rd1 Rxc3 27. Qxc3
Rh6 28. g4 g6 29. gxf5 gxf5 30. Qd3 Rg6 31. Nxf5 Bxf5 32. Qxf5 a5 33. Bd6 d4
34. Qh5 Nb6 35. Qh8+ Kd7 36. Qxh4 Nd5 37. f5 Rg2 38. Qxd4 Qc6 39. c3 1-0

[Event "España ch 2008 sub 18"]
[Site "Padrón ESP"]
[Date "2008.07.29"]
[Round "5.28"]
[White "Jimenez Capilla, Jose Alfonso"]
[Black "Ruiz De La Torre Perez, Cristin"]
[Result "1-0"]
[WhiteElo "2033"]
[PlyCount "57"]
[EventDate "2008.07.27"]
[EventType "swiss"]
[EventRounds "9"]
[EventCountry "ESP"]
[Source "lmi"]
[SourceDate "2008.07.27"]
[BlackElo "1908"]

1. d4 Nf6 2. c4 e6 3. Nf3 d5 4. e3 Nbd7 5. Nbd2 c6 6. b3 g6 7. Bb2 Bg7 8. Bd3
O-O 9. O-O dxc4 10. bxc4 c5 11. Qe2 b6 12. Rfd1 Qc7 13. Ne5 Bb7 14. f4 Rfd8 15.
Ndf3 Nxe5 16. fxe5 Ne8 17. Ng5 Rd7 18. Rac1 Rad8 19. Bb1 Re7 20. Qg4 Bc8 21.
Qh4 h6 22. Ne4 Red7 23. Rf1 Bb7 24. Nf6+ Nxf6 25. exf6 Bf8 26. Qg4 Kh7 27. h4
h5 28. Qxh5+ Kg8 29. Bxg6 1-0

[Event "España ch 2008 sub 18"]
[Site "Padrón ESP"]
[Date "2008.07.29"]
[Round "5.29"]
[White "Jimenez Lupianez, Laura"]
[Black "Sanchez-Alarcos Galian, Victor"]
[Result "0-1"]
[WhiteElo "1901"]
[BlackElo "2026"]
[PlyCount "124"]
[EventDate "2008.07.27"]
[EventType "swiss"]
[EventRounds "9"]
[EventCountry "ESP"]
[Source "lmi"]
[SourceDate "2008.07.27"]

1. d4 Nf6 2. c4 g6 3. Nc3 Bg7 4. e4 d6 5. Nf3 O-O 6. Be2 Bg4 7. O-O Bxf3 8.
Bxf3 Nc6 9. d5 Na5 10. Be2 Nd7 11. Qc2 c5 12. Rb1 a6 13. a3 Qc7 14. Be3 Rfc8
15. f4 Rab8 16. a4 b6 17. Rbe1 Rf8 18. Bd3 Rbe8 19. Ne2 e6 20. dxe6 fxe6 21.
Nc3 Nc6 22. Kh1 Nd4 23. Bxd4 cxd4 24. Ne2 Qc5 25. Qd2 a5 26. Rb1 Qb4 27. Qd1
Nc5 28. b3 Rf7 29. Ng3 Ref8 30. f5 e5 31. Bc2 Qc3 32. Rf3 Qb4 33. Rf2 Bh6 34.
Rf1 Qd2 35. Qxd2 Bxd2 36. Rf3 Kg7 37. Nf1 Bc3 38. Ng3 Rf6 39. Rd1 Bb4 40. Kg1
Kf7 41. Kf2 Ke7 42. Rb1 Kd7 43. Ke2 Kc6 44. Kf2 Bd2 45. Nf1 Bg5 46. g4 Na6 47.
Rd1 Kc5 48. Ke2 Kb4 49. Nd2 Bxd2 50. Rxd2 gxf5 51. gxf5 Rg8 52. Kf2 Nc5 53. Rd1
Rg4 54. Re1 Rh6 55. h3 Rgh4 56. Kg2 Nd7 57. Re2 Nf6 58. Re1 Nh5 59. Rh1 Nf4+
60. Kf2 Nxh3+ 61. Kg3 R4h5 62. Kg2 Nf4+ 0-1

[Event "España ch 2008 sub 18"]
[Site "Padrón ESP"]
[Date "2008.07.29"]
[Round "5.30"]
[White "Garro Beraza, Haritz"]
[Black "Tirapo Larcuen, Ana"]
[Result "1/2-1/2"]
[WhiteElo "1999"]
[BlackElo "1880"]
[PlyCount "33"]
[EventDate "2008.07.27"]
[EventType "swiss"]
[EventRounds "9"]
[EventCountry "ESP"]
[Source "lmi"]
[SourceDate "2008.07.27"]

1. e4 c5 2. Nf3 e6 3. d3 Nc6 4. g3 g6 5. Bg2 Bg7 6. O-O Nge7 7. Re1 d6 8. c3
O-O 9. Be3 b6 10. d4 Bb7 11. Qd2 cxd4 12. cxd4 Na5 13. Nc3 Nc4 14. Qc1 Nxe3 15.
Qxe3 Rc8 16. Bf1 Nc6 17. Rac1 1/2-1/2

[Event "España ch 2008 sub 18"]
[Site "Padrón ESP"]
[Date "2008.07.29"]
[Round "5.31"]
[White "Ribas Gomez, Diego"]
[Black "Perez Castellano, Susana"]
[Result "0-1"]
[WhiteElo "1996"]
[BlackElo "1857"]
[PlyCount "178"]
[EventDate "2008.07.27"]
[EventType "swiss"]
[EventRounds "9"]
[EventCountry "ESP"]
[Source "lmi"]
[SourceDate "2008.07.27"]

1. e4 e5 2. Nf3 Nc6 3. Bc4 Bc5 4. c3 Nf6 5. d3 d6 6. O-O O-O 7. Re1 a6 8. Bb3
Ba7 9. Nbd2 h6 10. Nf1 Ne7 11. Ng3 Ng6 12. h3 Re8 13. d4 Qe7 14. Nf5 Qf8 15.
N5h4 Nxh4 16. Nxh4 Kh7 17. Bc2 Kg8 18. Be3 Qe7 19. Qf3 Ng4 20. Bb3 Nxe3 21.
fxe3 Be6 22. Nf5 Qf6 23. Bc2 Rad8 24. Rf1 Bxf5 25. exf5 c6 26. Rae1 d5 27. g4
e4 28. Qf2 Bb8 29. Kh1 Qg5 30. Rg1 Qf6 31. Ref1 Kh7 32. h4 Rh8 33. Kg2 Qd6 34.
Rh1 Kg8 35. Rh3 b5 36. Rfh1 f6 37. Kf1 c5 38. dxc5 Qxc5 39. Kg2 Ba7 40. Rd1 b4
41. cxb4 Qxb4 42. Bb3 Qc5 43. Qd2 Kh7 44. g5 Rhf8 45. g6+ Kh8 46. Rc1 Qb6 47.
Qc2 Qb4 48. Qc3 Qb5 49. Qc2 Qb4 50. Rd1 d4 51. Qxe4 Rfe8 52. Qd3 Qb7+ 53. Kh2
Qc7+ 54. Kg2 dxe3 55. Qe2 Qc6+ 56. Rf3 Rxd1 57. Bxd1 Bd4 58. b3 Qe4 59. Kh3 Qc6
60. Bc2 Rc8 61. Bd3 a5 62. Rf1 Qd6 63. Bc4 Qe5 64. Be6 Rd8 65. Rd1 Qe4 66. Qg2
Qe5 67. Qe2 Qc5 68. Qxe3 Qb4 69. Qd2 Qb7 70. Qe2 Qb4 71. Rd3 Rf8 72. Bc4 Qc5
73. Qe6 Be5 74. Qd5 Qf2 75. Qg2 Qxf5+ 76. Qg4 Qf1+ 77. Qg2 Qc1 78. Rd2 a4 79.
Rc2 Qe3+ 80. Kg4 f5+ 81. Kh5 f4 82. Bf7 f3 83. Qh3 Bf6 84. Qg3 Qd3 85. Rc5 Qd1
86. Qg4 Rd8 87. Rf5 Rd4 88. Rxf6 Rxg4 89. Re6 Re4 0-1

[Event "España ch 2008 sub 18"]
[Site "Padrón ESP"]
[Date "2008.07.29"]
[Round "5.32"]
[White "Sanz Rodero, Mikel"]
[Black "Perez Malvido, Javier"]
[Result "1-0"]
[WhiteElo "1982"]
[BlackElo "1842"]
[PlyCount "85"]
[EventDate "2008.07.27"]
[EventType "swiss"]
[EventRounds "9"]
[EventCountry "ESP"]
[Source "lmi"]
[SourceDate "2008.07.27"]

1. e4 c5 2. Nf3 e6 3. d4 cxd4 4. Nxd4 Nf6 5. Nc3 Nc6 6. Ndb5 Bb4 7. a3 Bxc3+ 8.
Nxc3 d5 9. Bd3 dxe4 10. Nxe4 Nxe4 11. Bxe4 Qxd1+ 12. Kxd1 Bd7 13. Be3 O-O-O 14.
Kc1 f5 15. Bf3 e5 16. Rd1 e4 17. Be2 Be6 18. b3 Rxd1+ 19. Bxd1 Rd8 20. Kb2 a6
21. Be2 Ne5 22. h3 h6 23. Rd1 Rxd1 24. Bxd1 g5 25. Bd4 Ng6 26. Bg7 h5 27. g3 g4
28. h4 Kd7 29. Kc3 Kd6 30. Kd4 b6 31. c4 Kc6 32. b4 b5 33. cxb5+ axb5 34. a4
Bc4 35. axb5+ Bxb5 36. Bb3 Bd3 37. Bf7 Ne7 38. Bf8 Nc8 39. Bxh5 Nb6 40. Be8+
Nd7 41. h5 Kc7 42. Bxd7 Kxd7 43. h6 1-0

[Event "España ch 2008 sub 18"]
[Site "Padrón ESP"]
[Date "2008.07.29"]
[Round "5.33"]
[White "Renilla Merchan, Andres"]
[Black "Villanueva Arguinberri, Bruno"]
[Result "1-0"]
[WhiteElo "1867"]
[BlackElo "1981"]
[PlyCount "33"]
[EventDate "2008.07.27"]
[EventType "swiss"]
[EventRounds "9"]
[EventCountry "ESP"]
[Source "lmi"]
[SourceDate "2008.07.27"]

1. e4 d6 2. d4 c6 3. Nc3 Nd7 4. Be3 g6 5. Be2 Bg7 6. Qd2 e6 7. O-O-O d5 8. g4
b5 9. exd5 exd5 10. Re1 Ne7 11. h4 Nb6 12. Bg5 Be6 13. h5 f6 14. h6 Rg8 15.
hxg7 fxg5 16. Rxh7 Qd7 17. Qxg5 1-0

[Event "España ch 2008 sub 18"]
[Site "Padrón ESP"]
[Date "2008.07.29"]
[Round "5.34"]
[White "Riera Morilla, Elizabeth"]
[Black "Torres Ventosa, Pedro Eugenio"]
[Result "0-1"]
[WhiteElo "1915"]
[BlackElo "2135"]
[PlyCount "94"]
[EventDate "2008.07.27"]
[EventType "swiss"]
[EventRounds "9"]
[EventCountry "ESP"]
[Source "lmi"]
[SourceDate "2008.07.27"]

1. e4 c5 2. Nf3 a6 3. d4 cxd4 4. Nxd4 Nf6 5. Nc3 d6 6. Be2 e5 7. Nb3 Be7 8. O-O
O-O 9. Kh1 Be6 10. f4 Qc7 11. f5 Bc4 12. Bd3 b5 13. Qe2 Bxd3 14. cxd3 b4 15.
Nd1 a5 16. Bg5 Nbd7 17. Rc1 Qb7 18. Ne3 Rfd8 19. Qf3 a4 20. Nd2 Nb6 21. Bxf6
Bxf6 22. Ndc4 Bg5 23. Nxb6 Qxb6 24. Nd5 Qd4 25. Rc7 Ra7 26. Rxa7 Qxa7 27. Qg4
Bh6 28. Qh4 Rf8 29. f6 Qd7 30. Ne7+ Kh8 31. Nf5 Rg8 32. Rf3 Qc8 33. h3 Qc1+ 34.
Kh2 Bg5 35. Nxd6 Rf8 36. fxg7+ Kxg7 37. Nf5+ Kh8 38. Qf2 Rc8 39. Nd6 Rc2 40.
Nxf7+ Kg7 41. Qg3 h6 42. h4 Qxb2 43. hxg5 h5 44. Nh6 b3 45. Rf7+ Kg6 46. Rf6+
Kg7 47. axb3 a3 0-1

[Event "España ch 2008 sub 18"]
[Site "Padrón ESP"]
[Date "2008.07.29"]
[Round "5.35"]
[White "Pueyo Burrell, David"]
[Black "Calle Moreau, Jose Domingo"]
[Result "0-1"]
[WhiteElo "2126"]
[BlackElo "1940"]
[PlyCount "66"]
[EventDate "2008.07.27"]
[EventType "swiss"]
[EventRounds "9"]
[EventCountry "ESP"]
[Source "lmi"]
[SourceDate "2008.07.27"]

1. e4 c5 2. Nf3 Nc6 3. d4 cxd4 4. Nxd4 e5 5. Nb5 a6 6. Nd6+ Bxd6 7. Qxd6 Qf6 8.
Qa3 Qg6 9. Nc3 Nd4 10. Qc5 d5 11. Qc7 Ne7 12. Be3 Nxc2+ 13. Kd2 Nxe3 14. fxe3
Nc6 15. Na4 O-O 16. Nb6 Rb8 17. Rc1 Bg4 18. h3 Be6 19. Bd3 Qxg2+ 20. Kc3 Qf2
21. Rhe1 Rfe8 22. Re2 Qh4 23. Kd2 Nb4 24. Rf1 Nxd3 25. Kxd3 Qxh3 26. Ref2 Qh5
27. Nxd5 Bxd5 28. exd5 e4+ 29. Kd2 Qxd5+ 30. Ke1 f6 31. Rxf6 Rbc8 32. Qf7+ Qxf7
33. Rxf7 Rc1+ 0-1

[Event "España ch 2008 sub 18"]
[Site "Padrón ESP"]
[Date "2008.07.29"]
[Round "5.36"]
[White "Labena Bernal, Antonio"]
[Black "Torres Leao-Coelho, Ana"]
[Result "1/2-1/2"]
[WhiteElo "2045"]
[BlackElo "1909"]
[PlyCount "112"]
[EventDate "2008.07.27"]
[EventType "swiss"]
[EventRounds "9"]
[EventCountry "ESP"]
[Source "lmi"]
[SourceDate "2008.07.27"]

1. e4 c5 2. c3 g6 3. d4 cxd4 4. cxd4 d5 5. exd5 Nf6 6. Nc3 Nxd5 7. Bc4 Nb6 8.
Bb3 Bg7 9. Nf3 O-O 10. h3 Nc6 11. Be3 Na5 12. Bc2 Be6 13. Ng5 Qc8 14. Nxe6 Qxe6
15. O-O Rac8 16. Re1 Qd7 17. Ne4 Nbc4 18. Nc5 Qc7 19. b4 Nxe3 20. fxe3 b6 21.
Nb3 Qxc2 22. Qxc2 Rxc2 23. bxa5 bxa5 24. Nxa5 Rb8 25. Nb3 Rb5 26. Kf1 Rf5+ 27.
Kg1 Rff2 28. g4 Rg2+ 29. Kh1 Rh2+ 30. Kg1 Rxh3 31. Rec1 Rxc1+ 32. Rxc1 Bh6 33.
Rc7 Rxe3 34. Kf2 a6 35. Ra7 Re6 36. Kf3 Bg5 37. Nc5 Re3+ 38. Kf2 Ra3 39. Rxa6
Be3+ 40. Kf3 Rxa6 41. Nxa6 Bxd4 42. a4 f6 43. Nb4 Kf7 44. Nc6 Bc5 45. a5 Ke6
46. a6 Kd5 47. Nxe7+ Kd6 48. a7 Bxa7 49. Nc8+ Ke5 50. Nxa7 h5 51. Nc6+ Kd6 52.
gxh5 gxh5 53. Nd4 Ke5 54. Nc6+ Kf5 55. Ne7+ Kg5 56. Nd5 h4 1/2-1/2

[Event "España ch 2008 sub 18"]
[Site "Padrón ESP"]
[Date "2008.07.29"]
[Round "5.37"]
[White "Lopez Paniego, Noel"]
[Black "Almagro Guardia, Elena"]
[Result "1/2-1/2"]
[WhiteElo "2011"]
[BlackElo "1895"]
[PlyCount "38"]
[EventDate "2008.07.27"]
[EventType "swiss"]
[EventRounds "9"]
[EventCountry "ESP"]
[Source "lmi"]
[SourceDate "2008.07.27"]

1. b3 d5 2. Bb2 c5 3. e3 Nc6 4. Nf3 Nf6 5. d4 e6 6. Be2 Be7 7. O-O O-O 8. c4
dxc4 9. Bxc4 cxd4 10. Nxd4 Nxd4 11. Bxd4 Bd7 12. Nc3 Bc6 13. Rc1 Qa5 14. Bxf6
Bxf6 15. Qc2 Rac8 16. Ne4 Be7 17. Qb1 Rfd8 18. Rfd1 h6 19. h3 Ba3 1/2-1/2

[Event "España ch 2008 sub 18"]
[Site "Padrón ESP"]
[Date "2008.07.29"]
[Round "5.38"]
[White "Sanchez Garcia, Laura"]
[Black "Martinez Salas, Imanol"]
[Result "0-1"]
[WhiteElo "1814"]
[BlackElo "2010"]
[PlyCount "104"]
[EventDate "2008.07.27"]
[EventType "swiss"]
[EventRounds "9"]
[EventCountry "ESP"]
[Source "lmi"]
[SourceDate "2008.07.27"]

1. d4 e6 2. c4 c5 3. d5 exd5 4. cxd5 d6 5. Nc3 g6 6. e4 Bg7 7. Nf3 Ne7 8. h3
O-O 9. Bd3 f5 10. O-O Nd7 11. Re1 Ne5 12. Nxe5 Bxe5 13. Bg5 a6 14. a4 Qc7 15.
a5 fxe4 16. Bxe4 Bf5 17. Qd2 Rf7 18. Bh6 Bd4 19. Re2 Bxe4 20. Nxe4 Nf5 21. Be3
Re8 22. Ng5 Bxe3 23. fxe3 Rfe7 24. Ne6 Qd7 25. Rf1 Ng3 26. Ref2 Nxf1 27. Rxf1
Rxe6 28. dxe6 Qxe6 29. Rd1 Qxe3+ 30. Qxe3 Rxe3 31. Rxd6 Rb3 32. Rd5 Rb5 33. Kh2
Kg7 34. Kg3 Kh6 35. Kf3 Rxa5 36. Ke3 Rb5 37. Rd2 Rb4 38. Rc2 b6 39. Kd3 Kg5 40.
Kc3 h5 41. Rd2 Kh4 42. Rd3 g5 43. Rd5 g4 44. Re5 a5 45. Rd5 Rd4 46. Re5 Rd6 47.
Rf5 Rh6 48. Kc4 gxh3 49. gxh3 Kxh3 50. Kb5 h4 51. Rg5 Kh2 52. Kc4 Rf6 0-1

[Event "España ch 2008 sub 18"]
[Site "Padrón ESP"]
[Date "2008.07.29"]
[Round "5.39"]
[White "Charro Calvo, Jesus"]
[Black "Rodriguez Perez, Angel Mariano"]
[Result "0-1"]
[WhiteElo "1757"]
[BlackElo "1991"]
[PlyCount "96"]
[EventDate "2008.07.27"]
[EventType "swiss"]
[EventRounds "9"]
[EventCountry "ESP"]
[Source "lmi"]
[SourceDate "2008.07.27"]

1. e4 d6 2. d4 g6 3. Nc3 Bg7 4. Bg5 Nd7 5. f4 a6 6. Nf3 c5 7. d5 b5 8. a3 Nb6
9. Qd2 Nf6 10. Bd3 Bd7 11. O-O O-O 12. Rae1 c4 13. Be2 Qc7 14. Kh1 a5 15. e5 b4
16. exf6 bxc3 17. bxc3 exf6 18. Bh4 Rab8 19. Rb1 Rfe8 20. Bf2 Nxd5 21. Rxb8
Qxb8 22. Bxc4 Nb6 23. Ba2 Qc7 24. Re1 Na4 25. Rxe8+ Bxe8 26. Qe3 Bc6 27. Nd4
Nxc3 28. Nxc6 Qxc6 29. Bxf7+ Kxf7 30. Qa7+ Kg8 31. Qxa5 Ne4 32. Be1 Qc4 33.
Qd8+ Bf8 34. Kg1 Qe2 35. Qa5 Qe3+ 36. Kh1 Nf2+ 37. Bxf2 Qxf2 38. Qd5+ Kh8 39.
h3 Qf1+ 40. Kh2 Qxf4+ 41. Kh1 Qe5 42. Qf7 Qe7 43. Qd5 Qe1+ 44. Kh2 Qe5+ 45.
Qxe5 fxe5 46. a4 d5 47. a5 Bc5 48. Kg3 Kg7 0-1